000 00967nam a22002897a 4500
001 5383
003 FISKH
005 20241129150010.0
008 241129b cb ||||| |||| 00| 0 eng d
020 _a9780531266274
040 _aFISKH
_beng
_cFISKH
_dFISKH
050 _aTK9152.B4265
082 _a363.17
100 _aBenoit, Peter
245 _aNuclear Meltdowns /
_cby Peter Benoit
260 _aNew York :
_bChildren's Press ;
_c2012.
300 _a48 pages :
_bcolor illustrations, map ;
_c22 cm .
490 _aA True Book
505 _aZ
520 _aDescribes how nuclear power developed, how it works, and the serious health and environmental problems that ensue when the process malfunctions.
521 8 _a960
_bLexile
521 8 _aZ
_bRaz-Plus
650 _aNuclear power plants- Accidents
_vJuvenile literature
650 _aNuclear energy- Safety measures
_vJuvenile literature
942 _2ddc
_cBK
_n0
999 _c5383
_d5383